| 000 | 00855nam a22002297a 4500 | ||
|---|---|---|---|
| 001 | 47826 | ||
| 003 | BD-RjUL | ||
| 005 | 20211209054412.0 | ||
| 008 | 160810s1985 bg ||||| |||| 00| 0 ben d | ||
| 020 | _c: TK 15.00 | ||
| 035 | _a(BD-RjUL)47945 | ||
| 040 |
_aBD-RjUL _bben _cBD-RjUL |
||
| 041 | _aben | ||
| 082 |
_223 _a891.4409 _bISS 1985 |
||
| 100 |
_aইসলাম, আজাহার _9145213 |
||
| 245 | 1 | 0 |
_aসাহিত্যে বাস্তবতা / _cআজাহার ইসলাম |
| 260 |
_aঢাকা : _bবাংলা একাডেমী, _c১৯৮৫ |
||
| 300 |
_a১০৮ পৃ. ; _c১৭ সেমি. |
||
| 650 |
_aবাংলা সাহিত্য _xইতিহাস ও সমালোচনা _9145214 |
||
| 650 |
_aBengali Literature _xHistory & Criticism _9145215 |
||
| 942 |
_2ddc _cBK |
||
| 999 |
_c47826 _d47826 |
||